Land forms and sedimentation pattern in relation to holocene sea level rise in Dam Doi district - Minh Hai province Mekong Delta - Viet Nam

Sparad:
Bibliografiska uppgifter
Huvudupphovsman: Le, Tan Loi
Materialtyp: Bok
Språk:Undetermined
Publicerad: Vietnam Department of Soil Scicen and Geology, WAU 1998
Ämnen:
Taggar: Lägg till en tagg
Inga taggar, Lägg till första taggen!
Thư viện lưu trữ: Trung tâm Học liệu Trường Đại học Cần Thơ
LEADER 00638nam a2200181Ia 4500
001 CTU_143970
008 210402s9999 xx 000 0 und d
082 |a 363.7 
082 |b L428 
100 |a Le, Tan Loi 
245 0 |a Land forms and sedimentation pattern in relation to holocene sea level rise in Dam Doi district - Minh Hai province Mekong Delta - Viet Nam 
245 0 |c Le Tan Loi 
260 |a Vietnam 
260 |b Department of Soil Scicen and Geology, WAU 
260 |c 1998 
650 |a Environmental protection,Bảo vệ môi trường 
904 |i Giang 
980 |a Trung tâm Học liệu Trường Đại học Cần Thơ